000 00409nam a2200157Ia 4500
005 20250603144717.0
008 250603s9999 xx 000 0 und d
050 _aKTA 2176 .A28/
245 0 _aConstitutional & legal framework for the Nigeria 2011 general elections
260 _aNigeria
260 _bFederal Republic of Nigeria
260 _c2011
300 _a99 p
650 _aNigeria
942 _cBK
999 _c39723
_d39723